Under one sky : the IAU Centenary Symposium : proceedings of the 349th Symposium of the International Astronomical Union held in Vienna, Austria 28-31 August, 2018 (Record no. 60627)

MARC details
000 -LEADER
fixed length control field 00977nam a2200217 a 4500
008 - FIXED-LENGTH DATA ELEMENTS--GENERAL INFORMATION
fixed length control field 200710s2019 ||||||||||||||||| || u
020 ## - INTERNATIONAL STANDARD BOOK NUMBER
International Standard Book Number 9781108471596
050 ## - LIBRARY OF CONGRESS CALL NUMBER
Classification number QB 1. I6 Int
100 ## - MAIN ENTRY--PERSONAL NAME
Personal name Valls-Gabaud, David
245 10 - TITLE STATEMENT
Title Under one sky : the IAU Centenary Symposium : proceedings of the 349th Symposium of the International Astronomical Union held in Vienna, Austria 28-31 August, 2018
Statement of responsibility, etc. Edited by Christiaan Sterken, John Hearnshaw and David Vallsi Gabaud
260 ## - PUBLICATION, DISTRIBUTION, ETC.
Place of publication, distribution, etc. Cambridge
Name of publisher, distributor, etc. Cambridge University Press
Date of publication, distribution, etc. 2019
300 ## - PHYSICAL DESCRIPTION
Extent xii, 542 pages : illustrations
490 ## - SERIES STATEMENT
Series statement IAU Symposium proceedings series
650 ## - SUBJECT ADDED ENTRY--TOPICAL TERM
Topical term or geographic name entry element ASTRONOMY
650 ## - SUBJECT ADDED ENTRY--TOPICAL TERM
Topical term or geographic name entry element INTERNATIONAL ASTRONOMICAL UNION
650 ## - SUBJECT ADDED ENTRY--TOPICAL TERM
Topical term or geographic name entry element ASTROPHYSICS
650 ## - SUBJECT ADDED ENTRY--TOPICAL TERM
Topical term or geographic name entry element COSMOLOGY
700 ## - ADDED ENTRY--PERSONAL NAME
Personal name Hearnshaw, John
700 ## - ADDED ENTRY--PERSONAL NAME
Personal name Sterken, Christiaan
995 ## - RECOMMENDATION 995 [LOCAL, UNIMARC FRANCE]
-- 112.10
-- CBU-MAIN LIBRARY (Kitwe)
-- 1
-- AVAILABLE
-- Jul 17, 2020
-- Main Library Open Access Collection
Holdings
Withdrawn status Lost status Source of classification or shelving scheme Damaged status Not for loan Home library Current library Shelving location Date acquired Total Checkouts Full call number Barcode Date last seen Price effective from Koha item type
          CBU-MAIN LIBRARY, KITWE. CBU-MAIN LIBRARY, KITWE.   11/30/2022   QB 1. I6 Int 750297 11/30/2022 11/30/2022 MONOGRAPH